|
|
|
|
| LEADER |
01412nam a2200289 u 4500 |
| 001 |
10112727 |
| 003 |
upatras |
| 005 |
20250130063413.0 |
| 008 |
140507s2010 gr gre |
| 020 |
|
|
|a 9789607721945
|
| 040 |
|
|
|a ΠΑΝΕΠΙΣΤΗΜΙΟ ΠΑΤΡΑΣ
|c ΠΑΝΕΠΙΣΤΗΜΙΟ ΠΑΤΡΑΣ
|
| 041 |
0 |
|
|a gre
|h eng
|
| 082 |
1 |
4 |
|a 889.12
|2 ΕΕΒ
|
| 100 |
1 |
|
|a Καβάφης, Κ. Π.
|q (Κωνσταντίνος Π.),
|d 1863-1933
|4 aut
|9 3071
|
| 245 |
1 |
0 |
|a Τα πεζά (1882;-1931)
|c Κ.Π. Καβάφη; φιλολογική επιμέλεια Μιχάλης Πιερής
|
| 250 |
|
|
|a 2η εκδ.
|
| 260 |
|
|
|a Αθήνα
|b Ικαρος
|c c2010
|
| 300 |
|
|
|a 399 σ.
|c 21 εκ.
|
| 504 |
|
|
|a Περιέχει βιβλιογραφικές σημειώσεις και ευρετήριο.
|
| 650 |
|
4 |
|a Νεοελληνική πεζογραφία
|9 4984
|
| 600 |
1 |
0 |
|a Καβάφης, Κ. Π.
|q (Κωνσταντίνος Π.),
|d 1863-1933
|x Ερμηνεία και κριτική
|9 48253
|
| 700 |
1 |
|
|a Πιερής, Μιχάλης,
|d 1952-
|4 edt
|9 53811
|
| 852 |
|
|
|a GR-PaULI
|b ΠΑΤΡΑ
|b ΘΕΑΤΡΟΛΟΓΙΑ
|k ΑΣΧΕ-3
|h 889.12 ΚΑΒ
|m 012907
|p 025000198772
|t 1
|
| 942 |
|
|
|2 ddc
|c BK15
|
| 952 |
|
|
|0 0
|1 0
|4 0
|6 889_120000000000000_ΚΑΒ
|7 0
|9 165919
|a THST
|b THST
|d 2016-04-24
|i 012907
|l 0
|o 889.12 ΚΑΒ
|p 025000198772
|r 2016-04-24 00:00:00
|t 1
|w 2016-04-24
|y BK15
|
| 998 |
|
|
|c ΜΑΝΙΑ
|d 2014-05
|
| 999 |
|
|
|c 103944
|d 103944
|